Tous les circuits de l'histoire de la Formule 1 - Statistiques

Statistiques générales
  • Ce quiz a été pris 63 fois
  • Le résultat moyen est 40 sur 77
Statistiques - réponses
Pays Premier GP Circuit % Correct
Monaco 1950 Circuit de Monaco
98%
Italie 1950 Autodromo Nazionale di Monza
96%
Belgique 1950 Circuit de Spa-Francorchamps
96%
Royaume-Uni 1950 Circuit de Silverstone
92%
Espagne 1991 Circuit de Barcelona-Catalunya
90%
Azerbaïdjan 2016 Circuit urbain de Bakou
88%
Espagne 1951 Circuit de Pedralbes
86%
Canada 1978 Circuit Gilles Villeneuve
86%
France 1971 Circuit Paul Ricard
86%
États-Unis 2023 Circuit urbain de Las Vegas
86%
Espagne 1969 Circuit urbain de Montjuic
86%
États-Unis 2022 Autodrome international de Miami
84%
Italie 1980 Autodromo Internazionale Enzo e Dino Ferrari
84%
États-Unis 2012 Circuit des Amériques
84%
Émirats-arabes-unis 2009 Circuit de Yas Marina
84%
Qatar 2021 Circuit international de Lusail
82%
Singapour 2008 Circuit urbain de Marina Bay
82%
Australie 1996 Circuit de l'Albert Park
80%
Japon 1987 Circuit de Suzuka
80%
Brésil 1973 Autodromo José Carlos Pace
78%
Arabie-saoudite 2021 Circuit de la Corniche de Djeddah
78%
Bahreïn 2004 Circuit international de Bahreïn
76%
Hongrie 1986 Hungaroring
74%
France 1967 Circuit Bugatti
72%
Russie 2014 Autodrome de Sotchi
70%
France 1991 Circuit de Nevers Magny-Cours
70%
Pays-Bas 1952 Circuit de Zandvoort
70%
Portugal 2020 Autodromo Internacional do Algarve
64%
Malaisie 1999 Circuit international de Sepang
64%
Turquie 2005 Otodrom Istanbul Park
64%
Mexique 1963 Autódromo Hermanos Rodriguez
62%
États-Unis 1950 Indianapolis Motor Speedway
62%
Espagne 2008 Circuit urbain de Valence
60%
Allemagne 1951 Nürburgring
58%
Australie 1985 Circuit urbain d'Adelaïde
56%
Allemagne 1970 Hockenheimring
54%
italie 2020 Autodromo internazionale del Mugello
52%
Argentine 1953 Autódromo Juan y Oscar Galvez
52%
France 1974 Circuit de Dijon-Prenois
50%
Espagne 1986 Circuit de Jerez - Angel Nieto
50%
Autriche 1970 Österreichring/Red Bull Ring
50%
Inde 2011 Circuit international Buddh
48%
Espagne 1968 Circuit permanent de Jarama
48%
Afrique du Sud 1967 Circuit du Kyalami
46%
Chine 2004 Circuit international de Shanghai
46%
Japon 1976 Fuji Speedway
46%
Portugal 1958 Circuit de Boavista
40%
France 1950 Circuit de Reims-Gueux
40%
Portugal 1984 Circuit d'Estoril
40%
Corée du Sud 2010 Circuit international de Corée
38%
Allemagne 1959 Avus Ring
36%
France 1952 Circuit de Rouen-les-Essarts
36%
Maroc 1958 Circuit Ain-Diab
34%
Portugal 1959 Circuit de Monsanto
34%
Brésil 1978 Autodromo Internacional Nelson Piquet
30%
Belgique 1973 Circuit de Zolder
30%
États-Unis 1982 Circuit Urbain de Détroit
30%
France 1965 Circuit de Charade
28%
États-Unis 1984 Circuit de Fair Park
28%
États-Unis 1976 Circuit urbain de Long Beach
28%
Royaume-Uni 1993 Donington Park
26%
États-Unis 1989 Circuit urbain de Phoenix
24%
Royaume-Uni 1964 Circuit de Brands Hatch
22%
Belgique 1972 Circuit de Nivelles-Baulers
20%
États-Unis 1960 Riverside International raceway
20%
Italie 1957 Circuit de Pescara
18%
Canada 1968 Circuit Mont-Tremblant
18%
États-Unis 1961 Watkins Glen International
18%
Suède 1973 Anderstorp Raceway
16%
Royaume-Uni 1955 Circuit d'Aintree
16%
Japon 1994 Circuit international d'Okayama
16%
Autriche 1964 Circuit de Zeltweg
14%
États-Unis 1959 Sebring International Raceway
12%
Suisse 1950 Circuit de Bremgarten
10%
Afrique du Sud 1962 Circuit Prince George
10%
États-Unis 1981 Circuit urbain du Caesars Palace
10%
Canada 1967 Mosport Park
10%
Aucun quiz correspondant
Distribution des résultats
% des personnes avec chaque résultat
Percentile par nombre de réponses
Votre historique - résultats
Vous n’avez pas pris ce quiz